Statistiques concernant Grey's Anatomy (saison 3) #2

Cliquez ici pour prendre le quiz!

Statistiques générales

  • Ce quiz a été pris 66 fois
  • Le résultat moyen est 5 sur 15

Statistiques - réponses

HintRéponse% Correct
Quel membre de la famille de Meredith meurt ?Sa mère
78%
Qui aide Bailey à accoucher ?George
76%
Qu'arrive t'il à Meredith lors d'un episode concernant un ferry ?Elle se noit
60%
A la fin de la saison, dans quelle ville part Addison ?Los Angeles
59%
A qui Addison donne une deuxieme chance ?Mark Sloan
57%
Quelle membre de la famille d'Izzie se retrouve à l'hopital ?Sa fille
55%
Dans cette épisode quelle moyen Alex trouve t'il pour que les familles reconnaissent les disparus ?Photos
43%
Qui fais sa demande en mariage ?Preston Burke
34%
Que découvre t'elle là-bas ? (sur elle)Elle est stérile
19%
Quel est le gros projet financé par Izzie ?Un dispensaire
9%
Quels medecins essaient d'avoir le poste de Webber ?Addison,Burke,Derek, Sloan
3%
Qui est Collin Marlow ? (lien avec un autre personnage)Ancien proffesseur de Cristina
3%
Qui est Ava ? (Rebecca Pope)Une patiente d'Alex
3%
Quels mariage a eu lieu dans cette saison ?Callie et George, Cristina et Burke
0%
Dans quel hopital George candidate ?Mercy grace
0%

Distribution des résultats

Percentile par nombre de réponses

% des personnes avec chaque résultat

Votre développement - résultats

Vous n’avez pas pris ce quiz